New York Yankees Players - Sudden Death - Statistics

General Stats
  • This quiz has been taken 180 times
  • The average score is 13 of 17
Answers on the Grid
Answers color-coded by a green-red scale on the quiz's grid according to % correct below.
Aaron Judge
Albert Pujols
Alex Rodriguez
Babe Ruth
Bernie Williams
Christy Mathewson
David Ortiz
Derek Jeter
Didi Gregorius
Dwight Gooden
Gary Sanchez
Ivan Rodriguez
Jackie Robinson
Jazz Chisholm Jr.
Joe DiMaggio
Jose Canseco
Juan Soto
Ken Griffey Jr.
Lou Gehrig
Mark McGwire
Mickey Mantle
Miguel Cabrera
Mike Trout
Pee Wee Reese
Roger Clemens
Sammy Sosa
Shohei Ohtani
Spencer Strider
Walter Johnson
Yogi Berra
 
Answer Stats
Answer % Correct
Aaron Judge
98%
Babe Ruth
95%
Derek Jeter
86%
Lou Gehrig
85%
Alex Rodriguez
84%
Mickey Mantle
83%
Joe DiMaggio
82%
Yogi Berra
80%
Didi Gregorius
78%
Juan Soto
78%
Jazz Chisholm Jr.
77%
Bernie Williams
76%
Roger Clemens
74%
Gary Sanchez
70%
Dwight Gooden
49%
Jose Canseco
44%
Ivan Rodriguez
31%
No matching quizzes found
Score Distribution
Percent of People with Each Score
Percentile by Number Answered
Your Score History
You have not taken this quiz